重要伝統的建造物群保存地区がある市町村 - Statistics

General Stats
  • This quiz has been taken 90 times
  • The average score is 34 of 104
Answer Stats
Hint Answer % Correct
青森県 弘前市
81%
北海道 函館市
77%
京都府 京都市
73%
石川県 金沢市
66%
長野県 長野市
58%
岐阜県 高山市
55%
滋賀県 大津市
55%
岡山県 倉敷市
55%
長崎県 長崎市
55%
石川県 輪島市
52%
石川県 白山市
51%
兵庫県 神戸市
51%
埼玉県 川越市
49%
山口県 萩市
49%
富山県 高岡市
48%
奈良県 橿原市
47%
石川県 加賀市
45%
富山県 南砺市
44%
滋賀県 彦根市
44%
福井県 小浜市
43%
愛知県 名古屋市
42%
千葉県 香取市
40%
岐阜県 郡上市
40%
滋賀県 近江八幡市
40%
鳥取県 倉吉市
40%
兵庫県 豊岡市
39%
広島県 福山市
39%
新潟県 佐渡市
38%
京都府 伊根町
38%
岡山県 津山市
38%
秋田県 横手市
36%
秋田県 仙北市
36%
福島県 喜多方市
36%
岐阜県 白川村
36%
広島県 呉市
36%
青森県 黒石市
35%
群馬県 桐生市
35%
長野県 南木曽町
35%
広島県 廿日市市
35%
香川県 丸亀市
35%
長野県 塩尻市
32%
兵庫県 丹波篠山市
32%
島根県 津和野町
32%
福島県 南会津町
31%
京都府 南丹市
31%
島根県 大田市
31%
栃木県 栃木市
30%
愛知県 豊田市
30%
滋賀県 東近江市
30%
岡山県 高梁市
30%
大分県 日田市
30%
広島県 竹原市
29%
宮崎県 日向市
29%
鹿児島県 薩摩川内市
29%
福井県 南越前町
27%
福井県 若狭町
27%
岐阜県 美濃市
27%
徳島県 三好市
27%
愛媛県 内子町
27%
長崎県 平戸市
27%
静岡県 焼津市
26%
三重県 亀山市
26%
奈良県 宇陀市
26%
佐賀県 有田町
26%
大分県 杵築市
26%
宮崎県 日南市
26%
沖縄県 竹富町
26%
岩手県 金ケ崎町
25%
山梨県 甲州市
25%
京都府 与謝野町
25%
鳥取県 若桜町
25%
徳島県 美馬市
25%
高知県 室戸市
25%
福岡県 八女市
25%
佐賀県 嬉野市
25%
岐阜県 恵那市
23%
大阪府 富田林市
23%
兵庫県 養父市
23%
奈良県 五條市
23%
和歌山県 湯浅町
23%
徳島県 牟岐町
23%
愛媛県 西予市
23%
佐賀県 鹿島市
23%
群馬県 中之条町
22%
山梨県 早川町
22%
鹿児島県 出水市
22%
長崎県 雲仙市
21%
宮城県 村田町
19%
福島県 下郷町
19%
茨城県 桜川市
19%
兵庫県 たつの市
19%
岡山県 矢掛町
19%
福岡県 うきは市
19%
鹿児島県 南九州市
19%
長野県 千曲市
18%
長野県 東御市
18%
山口県 柳井市
18%
宮崎県 椎葉村
18%
長野県 白馬村
17%
鳥取県 大山町
17%
高知県 安芸市
16%
福岡県 朝倉市
16%
沖縄県 渡名喜村
14%
鹿児島県 南さつま市
13%
No matching quizzes found
Score Distribution
Percent of People with Each Score
Percentile by Number Answered
Your Score History
You have not taken this quiz